| 000 | 00657nam a2200181Ia 4500 | ||
|---|---|---|---|
| 008 | 090630s9999 xx 000 0 und d | ||
| 082 | _b13450 | ||
| 100 | _aनगरसेकर सुरेश. | ||
| 245 |
_aअल्पमोली बहुगुणी. _cनगरसेकर सुरेश. |
||
| 260 |
_bमनोरमा - मुंबई. _c1994 |
||
| 300 | _a206 | ||
| 600 | _aनगरसेकर सुरेश. | ||
| 630 | _aअल्पमोली बहुगुणी. | ||
| 655 | _aइतर. | ||
| 700 | _aनगरसेकर सुरेश. | ||
| 730 | _aअल्पमोली बहुगुणी. | ||
| 942 | _cBOOK | ||
| 999 |
_c265306 _d265306 |
||